Statistics for Global Cities with the Hottest Summer Days

Click here to take the quiz!

General Stats

  • This quiz has been taken 51 times
  • The average score is 10 of 18

Answer Stats

Temperature (C)Answer% Correct
41Dubai
90%
44Riyadh
88%
43Abu Dhabi
83%
42Doha
80%
47Kuwait City
80%
39Delhi
78%
39Jeddah
70%
41Muscat
70%
41Lahore
58%
41Phoenix
58%
38Manama
55%
39Islamabad
40%
39Hyderabad
38%
37Chennai
35%
42Ahmedabad
30%
38Pune
23%
36Austin
20%
37Nicosia
5%

Score Distribution

Percentile by Number Answered

Percent of People with Each Score

Your Score History

You have not taken this quiz